Catálogo

FAILURE MODE AND EFFECT ANALYSIS (Registro nro. 44373)

Detalles MARC
000 -LEADER
fixed length control field 01012nam a2200193 a 4500
001 - CONTROL NUMBER
control field 44373
005 - DATE AND TIME OF LATEST TRANSACTION
control field 20180714023214.0
008 - FIXED-LENGTH DATA ELEMENTS--GENERAL INFORMATION
fixed length control field 140415s1995 000 0 eng d
020 ## - INTERNATIONAL STANDARD BOOK NUMBER
International Standard Book Number 087389300X
041 ## - LANGUAGE CODE
Language code of text/sound track or separate title eng
082 ## - DEWEY DECIMAL CLASSIFICATION NUMBER
Classification number 620.00452
Item number STA
100 1# - MAIN ENTRY--PERSONAL NAME
Personal name STAMATIS, D.H.
245 10 - TITLE STATEMENT
Title FAILURE MODE AND EFFECT ANALYSIS
250 ## - EDITION STATEMENT
Edition statement 1a ed.
260 ## - PUBLICATION, DISTRIBUTION, ETC.
Place of publication, distribution, etc. [s.l.] :
Name of publisher, distributor, etc. ASQ QUALITY PRESS,
Date of publication, distribution, etc. 1995
300 ## - PHYSICAL DESCRIPTION
Extent 538
Dimensions x 16 x 24
520 ## - SUMMARY, ETC.
Summary, etc. ESTE LIBRO ES UNA GUIA COMPLETA DEL MODO DE FRACASO Y EL ANALISIS DE DEFECTOS DE LOS PROCESO DE ENTENDIMIENTO Y APLICANDO UNA APROXIMACIÓN METODICA DE LOS PROBLEMAS, ERRORES Y FRACASOS. EXPLICA EL PROCESO DE SISTEMAS DE CONDUCTA, DISEÑO Y SERVICIO DE FMEAS, COMO ES UN FMEAS, COMO SE PUEDE USAR, COMO SE PUEDE APLICAR A LAS INDUSTRIAS, COMO SE RELACIONA CON LOS SERVICIOS INDUSTRIALES Y COMO SE APLICA AL ISO 9000 SERIES DE STANDARES DE CALIDAD Y MAS MUESTRA COMO PUEDES TRABAJAR PARA CUALQ
650 14 - SUBJECT ADDED ENTRY--TOPICAL TERM
Topical term or geographic name entry element CONTROL DE CALIDAD
General subdivision CONFIABILIDAD ( INGENIERA )
Existencias
Withdrawn status Lost status Source of classification or shelving scheme Damaged status Not for loan Collection code Home library Current library Shelving location Date acquired Source of acquisition Inventory number Total Checkouts Full call number Barcode Date last seen Date last checked out Price effective from Koha item type
    Dewey Decimal Classification     General Biblioteca Karol Wojtyla Biblioteca Karol Wojtyla Sala general 03/12/2013 Compra 151000000000000000003413 1 620.00452 STA 66687 05/01/2026 06/06/2019 03/12/2013 Libro